| 000 | 00514nam a2200181Ia 4500 | ||
|---|---|---|---|
| 999 |
_c32467 _d32467 |
||
| 003 | OSt | ||
| 005 | 20200730100940.0 | ||
| 008 | 190216s9999||||xx |||||||||||||| ||und|| | ||
| 020 | _a9780486647258 | ||
| 040 | _coclc | ||
| 082 |
_a512.02 _bCLA/E |
||
| 100 |
_aClark, Allan _93858 |
||
| 245 | 0 |
_aElements Of Abstract Algebra / _cAllan Clark |
|
| 260 |
_bDover Publications, _c2014. _aNew York: |
||
| 300 | _a206p | ||
| 650 | _aMathematics | ||
| 942 |
_cBK _2ddc _h512.02 _iCLA/E _k512.02 _mCLA/E |
||